000 00779nam a22002297a 4500
003 OSt
005 20250714094535.0
008 250714b |||||||| |||| 00| 0 eng d
020 _a9780323776769
040 _aDWC-Main Lib
_cOC
082 _aFil. 610.734 L271p 2023
100 _aLangan, Joanne Chaperlo
245 _aPreparing nurses for disaster management :
_ba global management/
_cJoanne Chaperlo Langan
260 _aUnited States of America :
_bElsevier Inc.,
_cc2023.
300 _axviii, 302 pages :
_billustrations ;
_c23cm.
504 _aIncludes index.
650 _a1. Emergency management
650 _a2. Emergency nursing- Training
650 _a3. Nursing - Disaster preparedness
650 _a4. Nursing in emergencies
942 _2ddc
_cBK - FIL
_kFil.
_n0
999 _c3665
_d3665